|
|
|
|
| LEADER |
00000nam a2200000 a 4500 |
| 001 |
vtls010455165 |
| 003 |
SK-MaSNL |
| 005 |
20260301132838.0 |
| 008 |
180810s1573 xx 010 0 lat |
| 015 |
|
|
|a SNBHFA
|
| 040 |
|
|
|a SNKHF
|b slo
|c SNKHF
|e rda
|
| 041 |
0 |
|
|a lat
|
| 044 |
|
|
|a xx
|c XX
|
| 072 |
|
7 |
|a 34
|x Právo
|2 konspekt
|
| 072 |
|
7 |
|a 2
|x Náboženstvo
|2 konspekt
|
| 080 |
|
|
|a 348
|2 2011
|
| 080 |
|
|
|a 34
|2 2011
|
| 080 |
|
|
|a 21/29-1/-9
|2 2011
|
| 130 |
0 |
|
|a Leges
|9 307021
|
| 245 |
0 |
0 |
|a Leges Sev Constitvtiones, (Qvas Statvta Vocamvs) Vicariorium, Sacellanorum & alliorum, tàm maioris, quàm inferioris ordinis Clericorum, atc3 Ministrorum Collegiatae & Paochialis Ecclesiae Budissinensis. Accesserunt Constitvtiones aliquot, lectu & scitu sanè dignissimae, Iulij Pflug olim Decani ingenuae Ecclesiae Misnen: Ecclesiast: 33. Sapiens non odit mandata et iustitias et non inludetur quasi in procella nauis
|
| 260 |
|
|
|a [Miesto vydania nie je známe]
|b [tlačiar nie je známy]
|c MDLXXIII (1573)
|
| 300 |
|
|
|a 31 listov, 3 nečíslované listy
|c 8°
|c 16 x 10 cm
|
| 336 |
|
|
|a text
|b txt
|2 rdacontent
|
| 337 |
|
|
|a bez média
|b n
|2 rdamedia
|
| 338 |
|
|
|a zväzok
|b nc
|2 rdacarrier
|
| 500 |
|
|
|a Vinety, iniciálky na 2 riadky
|
| 501 |
|
|
|a Príväzok 1.: EDER, Georg. Ad rubricam codicis de summa trinitate. Bvdissinae: Ex Officina Iohannis Vuolrab, 1570. 8°.
|5 SNK ID 98701/prív.1
|
| 508 |
|
|
|a Dedikácia: Leisentrit, Johannes st.; Pflug, Julius
|
| 546 |
|
|
|a Latinčina
|b Kurzíva
|
| 563 |
|
|
|a Väzba: svetložltá koža, poškodená, dve kožené šnúrky.
|5 SNK ID 98701
|
| 650 |
0 |
7 |
|a cirkevné právo
|2 SNKPH
|9 978
|
| 650 |
0 |
7 |
|a právo
|2 SNKPH
|9 976
|
| 650 |
0 |
7 |
|a náboženstvo
|2 SNKPH
|9 2023
|
| 700 |
1 |
|
|a Leisentritius, Johannes,
|c starší,
|d 1527-1586
|4 dto
|9 484273
|
| 700 |
1 |
|
|a Pflug, Julius,
|d zomrel 1564
|4 aut
|4 dto
|9 129752
|
| 852 |
|
|
|a snk
|h ID 98701
|
| 958 |
|
|
|a ONDV
|
| 958 |
|
|
|a DA
|
| 999 |
|
|
|c 752129
|d 754059
|
| 952 |
|
|
|t Tlače 16. storočia
|a SNK
|b SNK
|c SNK_HF
|y PREZ
|7 0
|p 17A1050653
|o snkID 98701
|i snk2012/19438
|8 3
|g 800.00
|0 0
|1 0
|4 0
|d 2012-10-02
|l 0
|r 2026-02-23 23:36:28
|w 2026-02-23
|